History Quiz

Random History or Art Quiz

Famous Paintings Close Up Quiz Stats

Quiz Updated Jul 11, 2017

Also try: Name That Art
Challenge
Share
Tweet
Score 0/29 Timer 08:00
3 Plays Today
% Correct
Mona Lisa - Leonardo da Vinci
99.7%
The Starry Night - Vincent van Gogh
94.6%
The Scream - Edvard Munch
89.3%
Marilyn Diptych - Andy Warhol
85.6%
The Japanese Bridge - Claude Monet
81.1%
The Persistence of Memory - Salvador Dalí
80.7%
Les Demoiselles d'Avignon - Pablo Picasso
79.3%
American Gothic - Grant Wood
66.8%
Girl with a Pearl Earring - Johannes Vermeer
65.8%
The Creation of Adam – Michelangelo
64.2%
Self-Portrait Dedicated to Dr. Eloesser - Frida Kahlo
62.7%
No. 5, 1948 - Jackson Pollock
59.2%
Arrangement in Grey and Black No.1 - James McNeill Whistler
54.3%
The Kiss - Gustav Klimt
41.7%
The Night Watch - Rembrandt
39.3%
% Correct
Bal du moulin de la Galette - Auguste Renoir
35.5%
The School of Athens - Raphael
34.6%
Nighthawks - Edward Hopper
33.7%
A Sunday Afternoon on the Island of La Grande Jatte - Georges Seurat
33%
The Great Wave off Kanagawa – Hokusai
30.5%
The Son of Man - René Magritte
29.5%
The Garden of Earthly Delights - Hieronymus Bosch
27.2%
Liberty Leading the People - Delacroix
25.2%
Primavera - Sandro Botticelli
24.1%
Christina's World - Andrew Wyeth
17.1%
The Hay Wain - John Constable
16%
The Card Players - Paul Cézanne
15.5%
The Flower Carrier - Diego Rivera
14.4%
The Descent from the Cross - Peter Paul Rubens
8%

You're not logged in!

Compare scores with friends on all Sporcle quizzes.
Sign Up with Email
OR
Log In

You Might Also Like...

Show Comments

Extras

Top Quizzes Today


Score Distribution

Your Account Isn't Verified!

In order to create a playlist on Sporcle, you need to verify the email address you used during registration. Go to your Sporcle Settings to finish the process.